000 00307nam a22001337a 4500
008 181105b xxu||||| |||| 00| 0 eng d
020 _a9788126533183
041 _aeng
080 _25TH
_a573
100 _a12
101 _aBIO
245 _aEvolution Of The Vertebrates
_cColbert.E.H
942 _2udc
_cBK
999 _c51868
_d51868